Medicina electro-homeopática o Tratamiento de las enfermedades por medio de remedios homeopáticos complejos / (Record no. 68693)

MARC details
000 -LEADER
campo de control de longitud fija 00702nam a22001935i 4500
001 - NÚMERO DE CONTROL
campo de control 68693
003 - IDENTIFICADOR DE NÚMERO DE CONTROL
campo de control ES-MaACL
005 - FECHA Y HORA DE LA ÚLTIMA TRANSACCIÓN
campo de control 20230906170334.0
007 - CAMPO FIJO DE DESCRIPCIÓN FÍSICA--INFORMACIÓN GENERAL
campo de control de longitud fija t|
008 - DATOS DE LONGITUD FIJA--INFORMACIÓN GENERAL
campo de control de longitud fija 960827s1887 fr a ||||1| spa d
040 ## - FUENTE DE CATALOGACIÓN
Centro catalogador/agencia de origen CAM
Lengua de catalogación spa
Centro/agencia transcriptor CAM
100 1# - ENTRADA PRINCIPAL--NOMBRE DE PERSONA
Nombre de persona Ghirelli, F.
9 (RLIN) 56578
245 10 - MENCIÓN DEL TÍTULO
Título Medicina electro-homeopática o Tratamiento de las enfermedades por medio de remedios homeopáticos complejos /
Mención de responsabilidad, etc. por F. Ghirelli y P. Ponzio.
260 ## - PUBLICACIÓN, DISTRIBUCIÓN, ETC.
Lugar de publicación, distribución, etc. Nice :
Nombre del editor, distribuidor, etc. [s.n.],
Fecha de publicación, distribución, etc. 1887 (
Fabricante Impr. de V. Eug. Gauthier y Cie)
300 ## - DESCRIPCIÓN FÍSICA
Extensión XV, 407 p. :
Otras características físicas il. ;
Dimensiones 19 cm.
700 1# - ENTRADA AGREGADA--NOMBRE PERSONAL
Nombre de persona Ponzio, P.
9 (RLIN) 93073
740 0# - ENTRADA AGREGADA--TÍTULO RELACIONADO/ANALÍTICO NO CONTROLADO
Título relacionado o analítico no controlado Tratamiento de las infermedades por medio de remedios homeopáticos complejos.
852 ## - LOCALIZACIÓN
Ubicación ES-MaACL
Número de control de estantería F-8789
Holdings
Estatus retirado Estado de pérdida Estado de daño No para préstamo Colección Biblioteca de origen Biblioteca actual Ubicación en estantería Fecha de adquisición Fuente de adquisición Total de préstamos Signatura topográfica completa Código de barras Visto por última vez Precio de reemplazo Tipo de ítem Koha
        Libros del s. XIX Biblioteca del Ateneo de Madrid Biblioteca del Ateneo de Madrid Sala Pecera Planta 2 17/01/2008     F-8789 1071920 23/02/2023 23/02/2023 Libro impreso antiguo